000 00290cam a2200121ua 4500
082 _a630.21
_bNOR/AD
100 _aNorman, A. G.
_91723
245 0 0 _aAdvances in Agronomy, Vol - 12 /
250 _a1 /
260 _aNew York :
_bAcademic Press ,
_c1960.
300 _a464 ; .
942 _cBK
999 _c10633
_d10633